000 00951nam a2200277 a 4500
001 BRCA_7995
005 20190320210103.0
008 140314s1970----mx-a######---#000-0#spa-#
041 _aspa
044 _amx
050 4 _aND253
_b.C32
_c1970
100 1 _aCastelló Yturbide, Teresa
_92444
245 1 0 _aBiombos Mexicanos
_cTeresa Castelló Yturbide y Marita Martìnez del Rìo de Redo ; edición de Jorge Gurrìa Lacroix.
260 _aMéxico
_bINAH
_c1970
300 _a171 p.
_bil. (algunas a color)
_c25 cm.
500 _a3036
500 _aDedicatoria de las autoras al señor Franz Mayer
500 _aEjemplar igual a 3110
504 _aBibliografía p. 169-171
650 1 4 _aBiombos Mexicanos
_vColeccionistas y colecciones
_919844
650 1 4 _aBiombos
_vExposiciones
_zMéxico
_94033
700 1 _aMartìnez del Rìo de Redo, Marita
_ecoaut.
_92571
700 1 _aGurría Lacroix, Jorge
_eed.
_919642
902 _aGFM
942 _2lcc
_cB
999 _c7664
_d7664